000 00455nam a2200193Ia 4500
003 OSt
005 20240702091523.0
008 230107s9999||||xx |||||||||||||| ||und||
020 _a0-07-246463-4
040 _cChuka University Library
050 _aQH 308.2
_bM23 2007
100 _aMader, Sylvia S.
_93557
245 0 _aBiology
250 _a9th ed.
260 _aMcGrawhill
_bBoston
_c2007
300 _a952p.
650 _abiology
942 _cBK
_2lcc
999 _c8465
_d8465